Fantasía: Texto preescolar para niños y niñas de 4 a 5 años

Na minha lista:
Detalhes bibliográficos
Main Authors: Ramírez Martínez, Amalia (Author), Pérez-Cueto Deza, Monserrat (Author)
Formato: Livro
Idioma:espanhol
Publicado em: Santiago Andrés Bello 2000
Edição:1a. ed
Assuntos:
Tags: Adicionar Tag
Sem tags, seja o primeiro a adicionar uma tag!

MARC

LEADER 00000nam a2200000 a 4500
001 UCH0541
003 CL-VaPUC
008 090312e20000200CL |||||||||||||||||spa|d
020 |a 9561316307 
082 0 4 |a 372.21  |b RAM  |2 21 
100 0 |a Ramírez Martínez, Amalia  |e author  |9 534746 
700 0 |a Pérez-Cueto Deza, Monserrat  |e author  |9 534747 
245 1 0 |a Fantasía: Texto preescolar para niños y niñas de 4 a 5 años 
250 |a 1a. ed 
300 |a 144 p 
942 |c BK 
945 |d 20090312 00:00:00  |a dcastane 
260 |a Santiago  |b Andrés Bello  |c 2000 
650 7 |a PREESCOLAR NIÑOS 4 A 5 AÑOS  |2 CL-VaPUC  |9 534748 
650 0 |a Educación preescolar  |9 260381 
650 7 |a MOTRICIDAD FINA  |2 CL-VaPUC  |9 534749 
650 0 |a Grafomotricidad  |9 387722 
650 0 |a Lenguaje   |9 265069 
583 |a last modification  |c 20130401 06:27:50  |k Rodrigo Vera 
999 |c 332835  |d 332833 
952 |0 0  |1 0  |4 0  |6 372_210000000000000_RAM_2000  |7 0  |8 A  |9 420828  |a BIBEDU  |b BIBEDU  |d 2019-11-22  |i 4515900  |o 372.21 RAM 2000  |p 4515900  |r 2019-11-22  |w 2019-11-22  |y BK  |k PAR 
952 |0 0  |1 0  |4 0  |6 372_210000000000000_RAM_2000  |7 0  |8 A  |9 420829  |a BIBEDU  |b BIBEDU  |d 2019-11-22  |i 4515897  |o 372.21 RAM 2000  |p 4515897  |r 2019-11-22  |w 2019-11-22  |y BK  |k PAR